000 00755nab a22002297a 4500
001 14091
003 HDC
007 cr bn ---aaaaa
008 210128c20160216my ||||o |||| 00| 00may d
040 _aHDC
245 0 _aIndustri halal Malaysia tarik pelaburan RM10.6 bilion pada 2015, kata Zahid
336 _atext
_2rdacontent
337 _acomputer
_2rdamedia
338 _aonline resource
_2rdacarrier
650 _aHalal food industry
_9128
650 _aInvestments
_91553
710 _aThe Malaysian Insider
856 _zRequest full-text at [email protected]
942 _2lcc
942 _cNEWS
942 _kNWSO 003195
999 _c11407
_d11407